000 00589nam a2200205Ia 4500
005 20250923145407.0
008 008 250917s9999 xx 000 0 eng d
037 _aTextual
040 _aDSWL
_beng
_cDSWL
041 _aeng
_2eng
084 _aR60aWwM72, N60
_qDSWL
100 _aVarma, V.P.
_9834831
245 0 _aPolitical philosophy of Sai Aurobindo
_c by V.P. Varma
260 _aBombay
_bAsia Pub. House
_c1960
300 _axxii,471 p.
365 _aINR
_b18 . 50
925 _g18 . 50
942 _cTEXL
_hR60aWwM72, N60
999 _c1450823
_d1450823